Applied pattern recognition (Record no. 2103)

MARC details
000 -LEADER
fixed length control field 00599 a2200193 4500
001 - CONTROL NUMBER
control field 068441
003 - CONTROL NUMBER IDENTIFIER
control field OSt
005 - DATE AND TIME OF LATEST TRANSACTION
control field 20220217142913.0
008 - FIXED-LENGTH DATA ELEMENTS--GENERAL INFORMATION
fixed length control field
082 ## - DEWEY DECIMAL CLASSIFICATION NUMBER
Classification number 006.4
Item number A58A
100 1# - MAIN ENTRY--PERSONAL NAME
Personal name Bunke, Horst
245 1# - TITLE STATEMENT
Title Applied pattern recognition
Statement of responsibility, etc by Horst Bunke
260 ## - PUBLICATION, DISTRIBUTION, ETC. (IMPRINT)
Place of publication, distribution, etc New York
Name of publisher, distributor, etc Springer
Date of publication, distribution, etc 2008
300 ## - PHYSICAL DESCRIPTION
Extent 245p.
653 ## - INDEX TERM--UNCONTROLLED
Uncontrolled term Computer vision; Pattern recognition systems; Mathematics; Optical pattern recognition; Artificial intelligence; Engineering; Engineering mathematics
700 ## - ADDED ENTRY--PERSONAL NAME
Personal name Kandel, Abraham
700 ## - ADDED ENTRY--PERSONAL NAME
Personal name Last, Mark
942 ## - ADDED ENTRY ELEMENTS (KOHA)
Source of classification or shelving scheme Dewey Decimal Classification
Koha item type Books
Holdings
Withdrawn status Lost status Source of classification or shelving scheme Damaged status Not for loan Collection code Home library Current library Date acquired Source of acquisition Cost, normal purchase price Total Checkouts Full call number Barcode Date last seen Price effective from Koha item type
    Dewey Decimal Classification     General Text Book Central University Of Rajasthan Central University Of Rajasthan 07/03/2012 CSC 5306.00   006.4 A58A 2728 21/11/2024 02/09/2020 Books